Inovácie v podmienkach slovenskej ekonomiky

Inovácie a inovačné aktivity sú vo všeobecnosti hnacím motorom rozvoja ekonomiky. Rozvíjanie konkurencieschopnosti vo forme nových poznatkov zvyšuje efektívnosť a akcieschopnosť ekonomiky. Podnikateľské prostredie, požiadavky zákazníkov, technologický rozvoj, globalizácia a ďalšie aktivity súčasnej...

Descrizione completa

Salvato in:
Dettagli Bibliografici
Autore principale: Chandoga, Roman
Natura: Capitolo di libro
Lingua:slovacco
Soggetti:
Tags: Aggiungi Tag
Nessun Tag, puoi essere il primo ad aggiungerne!!

MARC

LEADER 00000nla$a2200000$$$4500
001 0103681
005 20240502072129.0
041 0 |a slo 
044 |a SK 
245 1 0 |a Inovácie v podmienkach slovenskej ekonomiky  |c Roman Chandoga 
520 |a Inovácie a inovačné aktivity sú vo všeobecnosti hnacím motorom rozvoja ekonomiky. Rozvíjanie konkurencieschopnosti vo forme nových poznatkov zvyšuje efektívnosť a akcieschopnosť ekonomiky. Podnikateľské prostredie, požiadavky zákazníkov, technologický rozvoj, globalizácia a ďalšie aktivity súčasnej doby v podmienkach Slovenskej republiky. 
610 2 0 |a Slovensko 
610 2 0 |a konkurencieschopnosť 
610 2 0 |a inovácia 
610 2 0 |a efektívnosť ekonomická 
610 2 0 |a výskum 
610 2 0 |a technológie nové 
610 2 0 |a financovanie 
100 1 |a Chandoga, Roman